• 首页
  • 本馆介绍
  • 公告通知
  • 最新文献
  • 馆藏检索
  • 电子资源
  • 读者导购
  • 参考咨询
  • 我的图书馆
  • 登录
  • 详细信息显示
  • 放入我的书架
  • 预约/预借图书
  • 作者相关作品
  • 分类相关作品
  • 丛书相关作品
  • 出版社相关作品

书目信息

  • 表格格式
  • 工作单格式
  • 卡片格式
题名:
米尔顿·弗里德曼论通货膨胀
    
 
作者: 弗里德曼 著 ;杨培新 译
分册:  
出版信息: 北京   中国社会科学出版社  1982
页数: 120页
开本: 19cm
丛书名:
单 册:
中图分类: F821.3
科图分类:
主题词: 通货膨胀--世界
电子资源:
ISBN:
000 00735nam0 2200241 45
001 0182003193
005 20041116103053.6
010    @dCNY0.39
091    @a4190.121
100    @a19950706d1982 em y0chiy0121 ea
101 1  @achi@ceng
102    @aCN@b110000
105    @ay z 000yy
200 10 @a米尔顿·弗里德曼论通货膨胀@Ami er dun· fu li de man lun tong huo pengzhang@f(美)米尔顿·弗里德曼著@F(Mei)Mi Er Dun·Fu Li De Man Zhu@g杨培新译
210    @a北京@c中国社会科学出版社@d1982
215    @a120页@d19cm
606    @a通货膨胀@y世界
690    @aF821.3@v3
701  1 @a弗里德曼@4著
702  0 @a杨培新@Ayang pei xin@4译
801  0 @aCN@b上海图书馆@c20040430
801  2 @aCN@bNLC@c20040430
905    @dF821.3@e5@f1@b80203
    
    米尔顿·弗里德曼论通货膨胀/(美)米尔顿·弗里德曼著/杨培新译.-北京:中国社会科学出版社,1982
    120页;19cm
    
    
    ISBN :CNY0.39
    
●
相关链接 在E读中查询图书 在五车中查询图书 在当当中查询图书 在豆瓣中查询图书


正题名:米尔顿·弗里德曼论通货膨胀     索取号:F821.3/5         预约/预借

序号 登录号 条形码 馆藏地/架位号 状态 备注
1 0080203   000491845   密集书库/ [索取号:F821.3/5] 在馆    
2 0080204   000491836   第一借阅区/ [索取号:F821.3/5] 在馆    
3 0080205   000491827   第一样本阅览室/ [索取号:F821.3/5] 在馆    
唐山师范学院图书馆 欢迎您!
大连网信软件有限公司© 版权所有